000 01081cab a2200361 4500
001 ABS51864
008 090401t1994 xxu||||| |||| 00| 0 eng d
035 _a(Sirsi) u47626
041 _aeng
245 _aFocus `94: road and rail related development
260 _c1994
350 _a0
490 _aEstates Gazette
_v(9445) 12 November 1994, 129-138(7)
650 _aFREIGHT TERMINALS
650 _aINTEGRATED LAND USE STARTEGY
650 _aINTEGRATED TRANSPORT POLICY
650 _aMOTORWAY TOLLS
650 _aOUT-OF-TOWN DEVELOPMENT
650 _aPARKING STANDARDS
650 _aPLANNING POLICY
650 _aPLANNING POLICY GUIDANCE NOTE 13
650 _aPLANNING POLICY GUIDANCE NOTE SIX
650 _aRAIL-RELATED DEVELOPMENT
650 _aRAILWAYS
650 _aROAD PRICING
650 _aPROPERTY-INFRASTRUCTURE-TRANSPORT INFRASTRUCTURE-ROAD INFRASTRUCTURE
650 _aTRAFFIC CONGESTION
650 _aTRAFFIC MANAGEMENT
650 _aTRANSPORT POLICY
690 _aTRANSPORT AND COMMUNICATIONS
942 _n0
948 _c04/03/1997
999 _c30024
_d30024